| 000 | 00610nam a2200193Ia 4500 | ||
|---|---|---|---|
| 008 | 151119s9999||||xx |||||||||||||| ||und|| | ||
| 082 | _a923.654 | ||
| 082 | _bGKKV4209 | ||
| 100 | _aजोशी द दा | ||
| 245 | _aविज्ञानयोगी डॉ.बाबा आमटे | ||
| 260 | _a-- | ||
| 260 | _b-- | ||
| 260 | _c1989 | ||
| 600 | _aजोशी द दा | ||
| 630 | _aविज्ञानयोगी डॉ.बाबा आमटे | ||
| 700 | _aजोशी द दा | ||
| 730 | _aविज्ञानयोगी डॉ.बाबा आमटे | ||
| 942 | _cBOOK | ||
| 999 |
_c1059586 _d1059583 |
||